Mathematical tools for physics / (Record no. 31104)

MARC details
000 -LEADER
fixed length control field 00912nam a22002537a 4500
005 - DATE AND TIME OF LATEST TRANSACTION
control field 20091028141710.0
008 - FIXED-LENGTH DATA ELEMENTS--GENERAL INFORMATION
fixed length control field 091028t xxu||||| |||| 00| 0 eng d
010 ## - LCCN (DPL NO)
LC control number ENG-95239
020 ## - INTERNATIONAL STANDARD BOOK NUMBER
International Standard Book Number 9780070146334
Terms of availability 165.00
020 ## - INTERNATIONAL STANDARD BOOK NUMBER
International Standard Book Number 0070146330
Terms of availability 165.00
035 ## - SYSTEM CONTROL NUMBER
System control number EN-78772
037 ## - SOURCE OF ACQUISITION
Source of stock number/acquisition DBAD/PUB
040 ## - CATALOGING SOURCE
Original cataloging agency DPL
082 ## - DEWEY DECIMAL CLASSIFICATION NUMBER
Classification number 530.0151
100 ## - MAIN ENTRY--PERSONAL NAME
Personal name Hussain, Shakir
245 ## - TITLE STATEMENT
Title Mathematical tools for physics /
Statement of responsibility, etc by Shakir Hussain
260 ## - PUBLICATION, DISTRIBUTION, ETC. (IMPRINT)
Place of publication, distribution, etc New Delhi
Name of publisher, distributor, etc Tata McGraw Hill Education
Date of publication, distribution, etc 2009
270 ## - ADDRESS
Address 7, West Patel Nagar
City New Delhi
Postal code 110008
300 ## - PHYSICAL DESCRIPTION
Extent Various pagings
Dimensions 22cm.(Pbk)
490 ## - SERIES STATEMENT
Series statement Tata McGraw Hill's winning we series
500 ## - GENERAL NOTE
General note Includes index
942 ## - ADDED ENTRY ELEMENTS (KOHA)
Source of classification or shelving scheme Dewey Decimal Classification
Item type English Books
Call number suffix HUS
Classification part 530.0151
Holdings
Withdrawn status Lost status Source of classification or shelving scheme Damaged status Not for loan Collection code Home library Current library Date acquired Source of acquisition Cost, normal purchase price Total Checkouts Full call number Barcode Date last seen Copy number Cost, replacement price Koha item type
    Dewey Decimal Classification   Not For Loan Non-fiction D.B.Act.Division D.B.Act.Division 28/10/2009 DBAD / PUB 165.00   530.0151 HUS EN-78772 28/10/2009 1 165.00 English Books

© Delhi Public Library
Hit Counter
free hit counter